Normal view
MARC view
- Mujeres
Entry Materia
001 - NÚMERO DE CONTROL DEL REGISTRO
- campo de control: 24208
003 - IDENTIFICADOR DE NUMERO DE CONTROL
- campo de control: MX-xUPN
005 - FECHA Y HORA DE LA ÚLTIMA TRANSACCIÓN
- campo de control: 20231010114357.0
008 - DATOS DE LONGITUD FIJA
- campo de control de longitud fija: 231010dn fnnnnbaba a ana |d
035 ## - NÚMERO DE CONTROL DEL SISTEMA
- Número de control del sistema: UPN10000024217
040 ## - FUENTE DE LA CATALOGACIÓN
- Lengua de catalogación: spa
- Centro catalogador de origen: MX-MxUPN
053 #4 - NÚMERO CLASIFICADOR - BIBLIOTECA DEL CONGRESO (LC)
- Elemento numérico de la clasificación - Número único o no. inicial del rango: 1772
150 ## - ENCABEZAMIENTO - TEMÁTICO
- Término de materia o nombre geográfico como elemento inicial: Mujeres
- Subdivisión de materia general: Educación
- Subdivisión geográfica: México
- Subdivisión de materia general: Historia
670 ## - FUENTE EN LA QUE SE LOCALIZARON DATOS
- Cita de la fuente: LC Authorities, 10 octubre 2023 :
- Información localizada: (Women - Education - Mexico - History)
- Identificador Uniforme del Recurso: https://authorities.loc.gov/
902 ## - CATALOGADOR
- Catalogador: EMR/281015
- Catalogador: VíctorGodínez/101023
